00525 2200193 4500001002100000005001500021007000300036008004100039035002000080082001900100084002500119100002300144245003700167260005000204300002600254650001200280650001500292990002400307INLIS00000000000813220260312020457ta260312 0 ind  a0010-0326000077 a01.891 (048.3) a01.891 (048.3) SHO k0 aSHOLIHIN, Muhammad1 aKumpulan Abtrak Hasil Penelitian aSurakarta :bUniversitas Sebelas Maret,c2008 a97p. :bIlus ;c21 cm 4aAbstrak 4aPenelitian a269/2026/BBRMPJATIM